LEADER 00941nam2 22002531i 450 001 RML0340377 005 20231121125758.0 100 $a20121123d1964 ||||0itac50 ba 101 | $afre 102 $ade 181 1$6z01$ai $bxxxe 182 1$6z01$an 200 0 $a11:$fSaint-Simon Claude Henri 210 $aAalen $cOtto Zeller $d1964 215 $a248 p.$d22 cm 461 1$1001RML0289780$12001 $aOeuvres de Saint-Simon e D'Enfantin précédées de deux notices historiques$fClaude Henri Sain-Simon, comte de Rouvroi 801 3$aIT$bIT-01$c20121123 850 $aIT-FR0017 899 $aBiblioteca umanistica Giorgio Aprea$bFR0017 912 $aRML0340377 950 2$aBiblioteca umanistica Giorgio Aprea$d 52CIS 7/337.11$e 52VM 0000595405 VM barcode:00058582. - Inventario:2654 FLSVM$fA $h20060210$i20121205 977 $a 52 996 $a?????$93414525 997 $aUNICAS LEADER 05757oam 2201189 c 450 001 9910245733403321 005 20260302090207.0 010 $a9783837642193 010 $a3837642194 035 $a(CKB)4100000001115750 035 $a(OAPEN)640455 035 $a(DE-B1597)496232 035 $a(OCoLC)1046612468 035 $a(DE-B1597)9783839442197 035 $a(transcript Verlag)9783839442197 035 $a(MiAaPQ)EBC6955985 035 $a(Au-PeEL)EBL6955985 035 $a(oapen)https://directory.doabooks.org/handle/20.500.12854/37631 035 $a(ScCtBLL)ee8eb281-b175-4423-bc61-5e0070e3e319 035 $a(Perlego)1464725 035 $a(oapen)doab48599 035 $a(EXLCZ)994100000001115750 100 $a20260302h20182017 uy 0 101 0 $ager 135 $auuuuu---auuuu 181 $ctxt$2rdacontent 182 $cc$2rdamedia 183 $acr$2rdacarrier 200 00$aGewerkschaften im deutschen Einheitsprozess$eMöglichkeiten und Grenzen in Zeiten der Transformation$fDetlev Brunner, Michaela Kuhnhenne, Hartmut Simon 205 $a1st ed. 210 $aBielefeld$ctranscript Verlag$d2018 210 $d2018, c2017 215 $a1 online resource (184) 225 0 $aForschung aus der Hans-Böckler-Stiftung 300 $aNot much notice has been taken of the part unions have been playing in the social and economical transformation of East Germany yet. This volume explores successes and limitations of union activities in those days. 311 08$a9783839442197 311 08$a3839442192 327 $aFrontmatter 1 Inhalt 5 Die Gewerkschaften im deutschen Einheitsprozess 9 Deutschlandpolitik der Gewerkschaften in den 1980er-Jahren 17 Gewerkschaften und deutsche Einheit 45 Betriebliche und gewerkschaftliche Basisbewegungen 1989/90 in der DDR 69 Gewerkschaftspolitik in der Transformation 95 Beziehungsgeschichten von Treuhandanstalt und Gewerkschaften in der ostdeutschen Transformationslandschaft 109 Mo?glichkeiten und Grenzen fu?r Gewerkschaften im Verwaltungsrat der Treuhandanstalt 131 Tarifpolitik in der Transformation 151 Der Streik der IG Metall zur Verteidigung des Stufentarifvertrags in den neuen Bundesla?ndern im Jahre 1993 169 Die Autorinnen und Autoren 181 330 $aDie Rolle der Gewerkschaften im Prozess der deutschen Einheit fand bislang wenig Beachtung. Dabei gehörten sie von Anfang an zu den Kräften, die die gesellschaftliche und wirtschaftliche Transformation Ostdeutschlands mitgestalteten. In den Beiträgen des Bandes betrachten Wissenschaftlerinnen und Wissenschaftler sowie ehemals Aktive aus Ost und West ? ausgehend von ihren jeweils unterschiedlichen Perspektiven ? die Möglichkeiten, Erfolge und Grenzen gewerkschaftlicher Politik und gewerkschaftlichen Handelns. Im Fokus stehen gewerkschaftliche Kontakte vor 1989, die Phasen von Umbruch und Vereinigung, die Arbeit der Treuhandanstalt und die Tarifpolitik. Herausgearbeitet werden dabei auch die Nachwirkungen des Transformationsprozesses. 330 1 $a»Insgesamt bieten die Beiträge des Bandes jeweils interessante Einblicke in ein historisch bislang kaum bestelltes Feld.Künftige Studien finden hier ein weites Arsenal an Ansatzpunkten und Fragestellungen.« 330 1 $aBesprochen in:Mitbestimmung, 5 (2018), Dirk Mantenwww.dgb.de, 28.09.2020, Detlev Brunnerhttps://foreignaffairs.co.nz, 29.09.2020 410 0$aForschung aus der Hans-Böckler-Stiftung 517 2 $aBrunner et al. (Hg.), Gewerkschaften im deutschen Einheitsprozess$eMöglichkeiten und Grenzen in Zeiten der Transformation 606 $aGewerkschaft 606 $aLabour Union 606 $aDeutsche Einheit 606 $aGerman Unity 606 $aEastern Germany 606 $aOstdeutschland 606 $aTransformation 606 $aTreuhandanstalt 606 $aCollective Bargaining 606 $aTarifpolitik 606 $aPolitics 606 $aWork 606 $aPolitik 606 $aContemporary History 606 $aArbeit 606 $aLabour Economics 606 $aZeitgeschichte 606 $aSociology of Work and Industry 606 $aArbeitsökonomie 606 $aSocial Policy 606 $aArbeits- und Industriesoziologie 606 $aHistory 606 $aSozialpolitik 606 $aGeschichtswissenschaft 615 4$aGewerkschaft 615 4$aLabour Union 615 4$aDeutsche Einheit 615 4$aGerman Unity 615 4$aEastern Germany 615 4$aOstdeutschland 615 4$aTransformation 615 4$aTreuhandanstalt 615 4$aCollective Bargaining 615 4$aTarifpolitik 615 4$aPolitics 615 4$aWork 615 4$aPolitik 615 4$aContemporary History 615 4$aArbeit 615 4$aLabour Economics 615 4$aZeitgeschichte 615 4$aSociology of Work and Industry 615 4$aArbeitsökonomie 615 4$aSocial Policy 615 4$aArbeits- und Industriesoziologie 615 4$aHistory 615 4$aSozialpolitik 615 4$aGeschichtswissenschaft 676 $a331.88094309049 702 $aBrunner$b Detlev$p

Detlev Brunner, Universität Leipzig, Deutschland

$4edt 702 $aKuhnhenne$b Michaela$p

Michaela Kuhnhenne, Hans-Böckler-Stiftung, Deutschland

$4edt 702 $aSimon$b Hartmut$p

Hartmut Simon, Vereinigte Dienstleistungsgewerkschaft, Berlin, Deutschland

$4edt 712 02$aHans-Böckler-Stiftung$4fnd$4http://id.loc.gov/vocabulary/relators/fnd 801 0$bDE-B1597 801 1$bDE-B1597 906 $aBOOK 912 $a9910245733403321 996 $aGewerkschaften im deutschen Einheitsprozess$94415591 997 $aUNINA